<?xml version="1.0" encoding="UTF-8"?>
<record
    xmlns:xsi="http://www.w3.org/2001/XMLSchema-instance"
    xsi:schemaLocation="http://www.loc.gov/MARC21/slim http://www.loc.gov/standards/marcxml/schema/MARC21slim.xsd"
    xmlns="http://www.loc.gov/MARC21/slim">

  <leader>00543nam a2200181   4500</leader>
  <controlfield tag="003">SEACOMEC</controlfield>
  <controlfield tag="005">20240522153803.0</controlfield>
  <controlfield tag="008">240207b        |||||||| |||| 00| 0 eng d</controlfield>
  <datafield tag="020" ind1=" " ind2=" ">
    <subfield code="c">Rs.295.00</subfield>
    <subfield code="a">978-0-07-462245-2</subfield>
  </datafield>
  <datafield tag="040" ind1=" " ind2=" ">
    <subfield code="a">SEACOMEC</subfield>
  </datafield>
  <datafield tag="082" ind1=" " ind2=" ">
    <subfield code="a">621.381</subfield>
    <subfield code="b">M655</subfield>
  </datafield>
  <datafield tag="100" ind1=" " ind2=" ">
    <subfield code="a">Millman,Jacob</subfield>
  </datafield>
  <datafield tag="245" ind1="1" ind2=" ">
    <subfield code="a">Integrated electronics: analog and digital circuit and system</subfield>
    <subfield code="c">Jacob Millman,Christas C. Halkias</subfield>
  </datafield>
  <datafield tag="260" ind1=" " ind2=" ">
    <subfield code="a">New Delhi</subfield>
    <subfield code="b">Tata McGraw Hill</subfield>
    <subfield code="c">2005</subfield>
  </datafield>
  <datafield tag="650" ind1=" " ind2=" ">
    <subfield code="a">Technology,Electronics</subfield>
  </datafield>
  <datafield tag="700" ind1=" " ind2=" ">
    <subfield code="a">Halkias,Christas C.</subfield>
  </datafield>
  <datafield tag="942" ind1=" " ind2=" ">
    <subfield code="c">BOOK</subfield>
  </datafield>
  <datafield tag="952" ind1=" " ind2=" ">
    <subfield code="0">0</subfield>
    <subfield code="1">0</subfield>
    <subfield code="2">ddc</subfield>
    <subfield code="4">0</subfield>
    <subfield code="7">0</subfield>
    <subfield code="a">SEACOMEC</subfield>
    <subfield code="b">SEACOMEC</subfield>
    <subfield code="d">2024-05-22</subfield>
    <subfield code="l">0</subfield>
    <subfield code="o">621.381 M655</subfield>
    <subfield code="p">2219</subfield>
    <subfield code="r">2024-05-22 15:38:42</subfield>
    <subfield code="w">2024-05-22</subfield>
    <subfield code="y">BOOK</subfield>
  </datafield>
  <datafield tag="952" ind1=" " ind2=" ">
    <subfield code="0">0</subfield>
    <subfield code="1">0</subfield>
    <subfield code="2">ddc</subfield>
    <subfield code="4">0</subfield>
    <subfield code="7">0</subfield>
    <subfield code="a">SEACOMEC</subfield>
    <subfield code="b">SEACOMEC</subfield>
    <subfield code="d">2024-05-22</subfield>
    <subfield code="l">0</subfield>
    <subfield code="o">621.381 M655</subfield>
    <subfield code="p">2220</subfield>
    <subfield code="r">2024-05-22 15:39:22</subfield>
    <subfield code="t">1</subfield>
    <subfield code="w">2024-05-22</subfield>
    <subfield code="y">BOOK</subfield>
  </datafield>
  <datafield tag="952" ind1=" " ind2=" ">
    <subfield code="0">0</subfield>
    <subfield code="1">0</subfield>
    <subfield code="2">ddc</subfield>
    <subfield code="4">0</subfield>
    <subfield code="7">0</subfield>
    <subfield code="a">SEACOMEC</subfield>
    <subfield code="b">SEACOMEC</subfield>
    <subfield code="d">2024-05-22</subfield>
    <subfield code="l">0</subfield>
    <subfield code="o">621.381 M655</subfield>
    <subfield code="p">2221</subfield>
    <subfield code="r">2024-05-22 15:39:22</subfield>
    <subfield code="t">2</subfield>
    <subfield code="w">2024-05-22</subfield>
    <subfield code="y">BOOK</subfield>
  </datafield>
  <datafield tag="952" ind1=" " ind2=" ">
    <subfield code="0">0</subfield>
    <subfield code="1">0</subfield>
    <subfield code="2">ddc</subfield>
    <subfield code="4">0</subfield>
    <subfield code="7">0</subfield>
    <subfield code="a">SEACOMEC</subfield>
    <subfield code="b">SEACOMEC</subfield>
    <subfield code="d">2008-01-22</subfield>
    <subfield code="l">0</subfield>
    <subfield code="o">621.381 M655</subfield>
    <subfield code="p">9174</subfield>
    <subfield code="r">2024-05-22 15:41:48</subfield>
    <subfield code="t">3</subfield>
    <subfield code="w">2024-05-22</subfield>
    <subfield code="y">BOOK</subfield>
  </datafield>
  <datafield tag="952" ind1=" " ind2=" ">
    <subfield code="0">0</subfield>
    <subfield code="1">0</subfield>
    <subfield code="2">ddc</subfield>
    <subfield code="4">0</subfield>
    <subfield code="7">0</subfield>
    <subfield code="a">SEACOMEC</subfield>
    <subfield code="b">SEACOMEC</subfield>
    <subfield code="d">2008-01-22</subfield>
    <subfield code="l">0</subfield>
    <subfield code="o">621.381 M655</subfield>
    <subfield code="p">9175</subfield>
    <subfield code="r">2024-05-22 15:41:48</subfield>
    <subfield code="t">4</subfield>
    <subfield code="w">2024-05-22</subfield>
    <subfield code="y">BOOK</subfield>
  </datafield>
  <datafield tag="952" ind1=" " ind2=" ">
    <subfield code="0">0</subfield>
    <subfield code="1">0</subfield>
    <subfield code="2">ddc</subfield>
    <subfield code="4">0</subfield>
    <subfield code="7">0</subfield>
    <subfield code="a">SEACOMEC</subfield>
    <subfield code="b">SEACOMEC</subfield>
    <subfield code="d">2008-01-22</subfield>
    <subfield code="l">0</subfield>
    <subfield code="o">621.381 M655</subfield>
    <subfield code="p">9176</subfield>
    <subfield code="r">2024-05-22 15:41:48</subfield>
    <subfield code="t">5</subfield>
    <subfield code="w">2024-05-22</subfield>
    <subfield code="y">BOOK</subfield>
  </datafield>
  <datafield tag="952" ind1=" " ind2=" ">
    <subfield code="0">0</subfield>
    <subfield code="1">0</subfield>
    <subfield code="2">ddc</subfield>
    <subfield code="4">0</subfield>
    <subfield code="7">0</subfield>
    <subfield code="a">SEACOMEC</subfield>
    <subfield code="b">SEACOMEC</subfield>
    <subfield code="d">2008-01-22</subfield>
    <subfield code="l">0</subfield>
    <subfield code="o">621.381 M655</subfield>
    <subfield code="p">9177</subfield>
    <subfield code="r">2024-05-22 15:41:48</subfield>
    <subfield code="t">6</subfield>
    <subfield code="w">2024-05-22</subfield>
    <subfield code="y">BOOK</subfield>
  </datafield>
  <datafield tag="952" ind1=" " ind2=" ">
    <subfield code="0">0</subfield>
    <subfield code="1">0</subfield>
    <subfield code="2">ddc</subfield>
    <subfield code="4">0</subfield>
    <subfield code="7">0</subfield>
    <subfield code="a">SEACOMEC</subfield>
    <subfield code="b">SEACOMEC</subfield>
    <subfield code="d">2008-01-22</subfield>
    <subfield code="l">0</subfield>
    <subfield code="o">621.381 M655</subfield>
    <subfield code="p">9178</subfield>
    <subfield code="r">2024-05-22 15:41:48</subfield>
    <subfield code="t">7</subfield>
    <subfield code="w">2024-05-22</subfield>
    <subfield code="y">BOOK</subfield>
  </datafield>
  <datafield tag="952" ind1=" " ind2=" ">
    <subfield code="0">0</subfield>
    <subfield code="1">0</subfield>
    <subfield code="2">ddc</subfield>
    <subfield code="4">0</subfield>
    <subfield code="7">0</subfield>
    <subfield code="a">SEACOMEC</subfield>
    <subfield code="b">SEACOMEC</subfield>
    <subfield code="d">2008-01-22</subfield>
    <subfield code="l">0</subfield>
    <subfield code="o">621.381 M655</subfield>
    <subfield code="p">9179</subfield>
    <subfield code="r">2024-05-22 15:41:48</subfield>
    <subfield code="t">8</subfield>
    <subfield code="w">2024-05-22</subfield>
    <subfield code="y">BOOK</subfield>
  </datafield>
  <datafield tag="952" ind1=" " ind2=" ">
    <subfield code="0">0</subfield>
    <subfield code="1">0</subfield>
    <subfield code="2">ddc</subfield>
    <subfield code="4">0</subfield>
    <subfield code="7">0</subfield>
    <subfield code="a">SEACOMEC</subfield>
    <subfield code="b">SEACOMEC</subfield>
    <subfield code="d">2008-01-22</subfield>
    <subfield code="l">0</subfield>
    <subfield code="o">621.381 M655</subfield>
    <subfield code="p">9180</subfield>
    <subfield code="r">2024-05-22 15:41:48</subfield>
    <subfield code="t">9</subfield>
    <subfield code="w">2024-05-22</subfield>
    <subfield code="y">BOOK</subfield>
  </datafield>
  <datafield tag="952" ind1=" " ind2=" ">
    <subfield code="0">0</subfield>
    <subfield code="1">0</subfield>
    <subfield code="2">ddc</subfield>
    <subfield code="4">0</subfield>
    <subfield code="7">0</subfield>
    <subfield code="a">SEACOMEC</subfield>
    <subfield code="b">SEACOMEC</subfield>
    <subfield code="d">2008-01-22</subfield>
    <subfield code="l">0</subfield>
    <subfield code="o">621.381 M655</subfield>
    <subfield code="p">9181</subfield>
    <subfield code="r">2024-05-22 15:41:48</subfield>
    <subfield code="t">10</subfield>
    <subfield code="w">2024-05-22</subfield>
    <subfield code="y">BOOK</subfield>
  </datafield>
  <datafield tag="952" ind1=" " ind2=" ">
    <subfield code="0">0</subfield>
    <subfield code="1">0</subfield>
    <subfield code="2">ddc</subfield>
    <subfield code="4">0</subfield>
    <subfield code="7">0</subfield>
    <subfield code="a">SEACOMEC</subfield>
    <subfield code="b">SEACOMEC</subfield>
    <subfield code="d">2008-01-22</subfield>
    <subfield code="l">0</subfield>
    <subfield code="o">621.381 M655</subfield>
    <subfield code="p">9182</subfield>
    <subfield code="r">2024-05-22 15:41:48</subfield>
    <subfield code="t">11</subfield>
    <subfield code="w">2024-05-22</subfield>
    <subfield code="y">BOOK</subfield>
  </datafield>
  <datafield tag="952" ind1=" " ind2=" ">
    <subfield code="0">0</subfield>
    <subfield code="1">0</subfield>
    <subfield code="2">ddc</subfield>
    <subfield code="4">0</subfield>
    <subfield code="7">0</subfield>
    <subfield code="a">SEACOMEC</subfield>
    <subfield code="b">SEACOMEC</subfield>
    <subfield code="d">2008-01-22</subfield>
    <subfield code="l">0</subfield>
    <subfield code="o">621.381 M655</subfield>
    <subfield code="p">9183</subfield>
    <subfield code="r">2024-05-22 15:41:48</subfield>
    <subfield code="t">12</subfield>
    <subfield code="w">2024-05-22</subfield>
    <subfield code="y">BOOK</subfield>
  </datafield>
  <datafield tag="952" ind1=" " ind2=" ">
    <subfield code="0">0</subfield>
    <subfield code="1">0</subfield>
    <subfield code="2">ddc</subfield>
    <subfield code="4">0</subfield>
    <subfield code="7">0</subfield>
    <subfield code="a">SEACOMEC</subfield>
    <subfield code="b">SEACOMEC</subfield>
    <subfield code="d">2011-02-21</subfield>
    <subfield code="l">0</subfield>
    <subfield code="o">621.381 M655</subfield>
    <subfield code="p">18126</subfield>
    <subfield code="r">2024-05-22 15:44:01</subfield>
    <subfield code="t">13</subfield>
    <subfield code="w">2024-05-22</subfield>
    <subfield code="y">BOOK</subfield>
  </datafield>
  <datafield tag="952" ind1=" " ind2=" ">
    <subfield code="0">0</subfield>
    <subfield code="1">0</subfield>
    <subfield code="2">ddc</subfield>
    <subfield code="4">0</subfield>
    <subfield code="7">0</subfield>
    <subfield code="a">SEACOMEC</subfield>
    <subfield code="b">SEACOMEC</subfield>
    <subfield code="d">2011-02-21</subfield>
    <subfield code="l">0</subfield>
    <subfield code="o">621.381 M655</subfield>
    <subfield code="p">18127</subfield>
    <subfield code="r">2024-05-22 15:44:01</subfield>
    <subfield code="t">14</subfield>
    <subfield code="w">2024-05-22</subfield>
    <subfield code="y">BOOK</subfield>
  </datafield>
  <datafield tag="952" ind1=" " ind2=" ">
    <subfield code="0">0</subfield>
    <subfield code="1">0</subfield>
    <subfield code="2">ddc</subfield>
    <subfield code="4">0</subfield>
    <subfield code="7">0</subfield>
    <subfield code="a">SEACOMEC</subfield>
    <subfield code="b">SEACOMEC</subfield>
    <subfield code="d">2011-02-21</subfield>
    <subfield code="l">0</subfield>
    <subfield code="o">621.381 M655</subfield>
    <subfield code="p">18128</subfield>
    <subfield code="r">2024-05-22 15:44:01</subfield>
    <subfield code="t">15</subfield>
    <subfield code="w">2024-05-22</subfield>
    <subfield code="y">BOOK</subfield>
  </datafield>
  <datafield tag="952" ind1=" " ind2=" ">
    <subfield code="0">0</subfield>
    <subfield code="1">0</subfield>
    <subfield code="2">ddc</subfield>
    <subfield code="4">0</subfield>
    <subfield code="7">0</subfield>
    <subfield code="a">SEACOMEC</subfield>
    <subfield code="b">SEACOMEC</subfield>
    <subfield code="d">2011-02-21</subfield>
    <subfield code="l">0</subfield>
    <subfield code="o">621.381 M655</subfield>
    <subfield code="p">18129</subfield>
    <subfield code="r">2024-05-22 15:44:01</subfield>
    <subfield code="t">16</subfield>
    <subfield code="w">2024-05-22</subfield>
    <subfield code="y">BOOK</subfield>
  </datafield>
  <datafield tag="952" ind1=" " ind2=" ">
    <subfield code="0">0</subfield>
    <subfield code="1">0</subfield>
    <subfield code="2">ddc</subfield>
    <subfield code="4">0</subfield>
    <subfield code="7">0</subfield>
    <subfield code="a">SEACOMEC</subfield>
    <subfield code="b">SEACOMEC</subfield>
    <subfield code="d">2011-02-21</subfield>
    <subfield code="l">0</subfield>
    <subfield code="o">621.381 M655</subfield>
    <subfield code="p">18130</subfield>
    <subfield code="r">2024-05-22 15:44:01</subfield>
    <subfield code="t">17</subfield>
    <subfield code="w">2024-05-22</subfield>
    <subfield code="y">BOOK</subfield>
  </datafield>
  <datafield tag="952" ind1=" " ind2=" ">
    <subfield code="0">0</subfield>
    <subfield code="1">0</subfield>
    <subfield code="2">ddc</subfield>
    <subfield code="4">0</subfield>
    <subfield code="7">0</subfield>
    <subfield code="a">SEACOMEC</subfield>
    <subfield code="b">SEACOMEC</subfield>
    <subfield code="d">2011-02-21</subfield>
    <subfield code="l">0</subfield>
    <subfield code="o">621.381 M655</subfield>
    <subfield code="p">18131</subfield>
    <subfield code="r">2024-05-22 15:44:01</subfield>
    <subfield code="t">18</subfield>
    <subfield code="w">2024-05-22</subfield>
    <subfield code="y">BOOK</subfield>
  </datafield>
  <datafield tag="952" ind1=" " ind2=" ">
    <subfield code="0">0</subfield>
    <subfield code="1">0</subfield>
    <subfield code="2">ddc</subfield>
    <subfield code="4">0</subfield>
    <subfield code="7">0</subfield>
    <subfield code="a">SEACOMEC</subfield>
    <subfield code="b">SEACOMEC</subfield>
    <subfield code="d">2011-02-21</subfield>
    <subfield code="l">0</subfield>
    <subfield code="o">621.381 M655</subfield>
    <subfield code="p">18132</subfield>
    <subfield code="r">2024-05-22 15:44:01</subfield>
    <subfield code="t">19</subfield>
    <subfield code="w">2024-05-22</subfield>
    <subfield code="y">BOOK</subfield>
  </datafield>
  <datafield tag="952" ind1=" " ind2=" ">
    <subfield code="0">0</subfield>
    <subfield code="1">0</subfield>
    <subfield code="2">ddc</subfield>
    <subfield code="4">0</subfield>
    <subfield code="7">0</subfield>
    <subfield code="a">SEACOMEC</subfield>
    <subfield code="b">SEACOMEC</subfield>
    <subfield code="d">2011-02-21</subfield>
    <subfield code="l">0</subfield>
    <subfield code="o">621.381 M655</subfield>
    <subfield code="p">18133</subfield>
    <subfield code="r">2024-05-22 15:44:01</subfield>
    <subfield code="t">20</subfield>
    <subfield code="w">2024-05-22</subfield>
    <subfield code="y">BOOK</subfield>
  </datafield>
  <datafield tag="952" ind1=" " ind2=" ">
    <subfield code="0">0</subfield>
    <subfield code="1">0</subfield>
    <subfield code="2">ddc</subfield>
    <subfield code="4">0</subfield>
    <subfield code="7">0</subfield>
    <subfield code="a">SEACOMEC</subfield>
    <subfield code="b">SEACOMEC</subfield>
    <subfield code="d">2011-02-21</subfield>
    <subfield code="l">0</subfield>
    <subfield code="o">621.381 M655</subfield>
    <subfield code="p">18134</subfield>
    <subfield code="r">2024-05-22 15:44:01</subfield>
    <subfield code="t">21</subfield>
    <subfield code="w">2024-05-22</subfield>
    <subfield code="y">BOOK</subfield>
  </datafield>
  <datafield tag="952" ind1=" " ind2=" ">
    <subfield code="0">0</subfield>
    <subfield code="1">0</subfield>
    <subfield code="2">ddc</subfield>
    <subfield code="4">0</subfield>
    <subfield code="7">0</subfield>
    <subfield code="a">SEACOMEC</subfield>
    <subfield code="b">SEACOMEC</subfield>
    <subfield code="d">2011-02-21</subfield>
    <subfield code="l">0</subfield>
    <subfield code="o">621.381 M655</subfield>
    <subfield code="p">18135</subfield>
    <subfield code="r">2024-05-22 15:44:01</subfield>
    <subfield code="t">22</subfield>
    <subfield code="w">2024-05-22</subfield>
    <subfield code="y">BOOK</subfield>
  </datafield>
  <datafield tag="952" ind1=" " ind2=" ">
    <subfield code="0">0</subfield>
    <subfield code="1">0</subfield>
    <subfield code="2">ddc</subfield>
    <subfield code="4">0</subfield>
    <subfield code="7">0</subfield>
    <subfield code="a">SEACOMEC</subfield>
    <subfield code="b">SEACOMEC</subfield>
    <subfield code="d">2011-02-21</subfield>
    <subfield code="l">0</subfield>
    <subfield code="o">621.381 M655</subfield>
    <subfield code="p">18136</subfield>
    <subfield code="r">2024-05-22 15:44:01</subfield>
    <subfield code="t">23</subfield>
    <subfield code="w">2024-05-22</subfield>
    <subfield code="y">BOOK</subfield>
  </datafield>
  <datafield tag="952" ind1=" " ind2=" ">
    <subfield code="0">0</subfield>
    <subfield code="1">0</subfield>
    <subfield code="2">ddc</subfield>
    <subfield code="4">0</subfield>
    <subfield code="7">0</subfield>
    <subfield code="a">SEACOMEC</subfield>
    <subfield code="b">SEACOMEC</subfield>
    <subfield code="d">2011-02-21</subfield>
    <subfield code="l">0</subfield>
    <subfield code="o">621.381 M655</subfield>
    <subfield code="p">18137</subfield>
    <subfield code="r">2024-05-22 15:44:01</subfield>
    <subfield code="t">24</subfield>
    <subfield code="w">2024-05-22</subfield>
    <subfield code="y">BOOK</subfield>
  </datafield>
  <datafield tag="952" ind1=" " ind2=" ">
    <subfield code="0">0</subfield>
    <subfield code="1">0</subfield>
    <subfield code="2">ddc</subfield>
    <subfield code="4">0</subfield>
    <subfield code="7">0</subfield>
    <subfield code="a">SEACOMEC</subfield>
    <subfield code="b">SEACOMEC</subfield>
    <subfield code="d">2011-02-21</subfield>
    <subfield code="l">0</subfield>
    <subfield code="o">621.381 M655</subfield>
    <subfield code="p">18138</subfield>
    <subfield code="r">2024-05-22 15:44:01</subfield>
    <subfield code="t">25</subfield>
    <subfield code="w">2024-05-22</subfield>
    <subfield code="y">BOOK</subfield>
  </datafield>
  <datafield tag="952" ind1=" " ind2=" ">
    <subfield code="0">0</subfield>
    <subfield code="1">0</subfield>
    <subfield code="2">ddc</subfield>
    <subfield code="4">0</subfield>
    <subfield code="7">0</subfield>
    <subfield code="a">SEACOMEC</subfield>
    <subfield code="b">SEACOMEC</subfield>
    <subfield code="d">2011-02-21</subfield>
    <subfield code="l">0</subfield>
    <subfield code="o">621.381 M655</subfield>
    <subfield code="p">18139</subfield>
    <subfield code="r">2024-05-22 15:44:01</subfield>
    <subfield code="t">26</subfield>
    <subfield code="w">2024-05-22</subfield>
    <subfield code="y">BOOK</subfield>
  </datafield>
  <datafield tag="952" ind1=" " ind2=" ">
    <subfield code="0">0</subfield>
    <subfield code="1">0</subfield>
    <subfield code="2">ddc</subfield>
    <subfield code="4">0</subfield>
    <subfield code="7">0</subfield>
    <subfield code="a">SEACOMEC</subfield>
    <subfield code="b">SEACOMEC</subfield>
    <subfield code="d">2011-02-21</subfield>
    <subfield code="l">0</subfield>
    <subfield code="o">621.381 M655</subfield>
    <subfield code="p">18140</subfield>
    <subfield code="r">2024-05-22 15:44:01</subfield>
    <subfield code="t">27</subfield>
    <subfield code="w">2024-05-22</subfield>
    <subfield code="y">BOOK</subfield>
  </datafield>
  <datafield tag="999" ind1=" " ind2=" ">
    <subfield code="c">594</subfield>
    <subfield code="d">594</subfield>
  </datafield>
</record>
